| 000 | 01280cam a22003494a 4500 | ||
|---|---|---|---|
| 001 | 13960927 | ||
| 003 | OSt | ||
| 005 | 20210809143404.0 | ||
| 008 | 050511s2006 njua b 001 0 eng | ||
| 010 | _a 2005275474 | ||
| 020 | _a9780471675822 | ||
| 038 | _akhadija | ||
| 040 |
_aDLC _cDLC _dDLC |
||
| 042 | _apcc | ||
| 050 | 0 | 0 |
_aTA357 _b.M86 2006 |
| 082 | 0 | 0 |
_a620.106 _222 _bMUN |
| 100 | 1 |
_aMunson _981327 |
|
| 245 | 1 | 0 |
_aFundamentals Of Fluid Mechanics / _cBruce R. Munson, Donald F. Young, Theodore H. Okiishi. |
| 250 | _a5th ed. | ||
| 260 |
_aHoboken, NJ : _bJ. Wiley & Sons, _cc2006. |
||
| 300 |
_a1 v. (various pagings) : _bill. (some col.) ; _c27 cm. |
||
| 500 | _aIncludes index. | ||
| 563 | _ahard cover | ||
| 650 | 0 |
_aFluid mechanics _vTextbooks. _97474 |
|
| 700 | 1 |
_aYoung, Donald F. _935769 |
|
| 700 | 1 |
_aOkiishi, T. H. _q(Theodore Hisao), _d1939- _97475 |
|
| 856 | 4 | 2 |
_3Publisher description _uhttp://www.loc.gov/catdir/enhancements/fy0626/2005275474-d.html |
| 856 | 4 | 1 |
_3Table of contents only _uhttp://www.loc.gov/catdir/enhancements/fy0626/2005275474-t.html |
| 906 |
_a7 _bcbc _corigcop _d3 _encip _f20 _gy-gencatlg |
||
| 942 |
_2ddc _cBK |
||
| 999 |
_c31525 _d31525 |
||